000 00300nam a22001337a 4500
008 170922b xxu||||| |||| 00| 0 eng d
020 _a2900195004259
041 _aeng
080 _a902
100 _a402
101 _aARJ
245 _aPAIDEA THE IDEALS CULTURE
_cJAEGER.W
942 _2udc
_cBK
999 _c28953
_d28953